| 000 | 00593nam a2200181 i 4500 | ||
|---|---|---|---|
| 001 | 67843 | ||
| 003 | ES-MaACL | ||
| 005 | 20251011063110.0 | ||
| 007 | t| | ||
| 008 | 040206s1912 sp ||||1| spa d | ||
| 100 | 1 |
_aGallego y Burín, Antonio, _d1895-1961 _953594 |
|
| 245 | 1 | 3 |
_aEl Marqués de Molins _b: su vida y sus obras / _cAntonio Gallego. |
| 260 |
_aMadrid : _b[s.n.], _c1912 ( _fImp. Comercial) |
||
| 300 |
_a68 p. ; _c21 cm. |
||
| 600 | 1 | 4 |
_aMolíns, Mariano Roca de Togores, _cMarqués de, _d1812-1889 _9130033 |
| 852 |
_aES-MaACL _jT-1316-F-bis-4 |
||
| 999 |
_c67843 _d67843 |
||